01223nam a2200217 a 450000100080000000500110000800800410001910000170006024500650007726000330014230000100017549000310018552006700021665300240088665300150091065300110092570000170093670000170095370000170097070000180098711316992022-01-04 2021 bl uuuu u00u1 u #d1 aGIEHL, A. L. aBoletim Agropecu??rio - outubro/2021.h[electronic resource] aFlorian??polis: Epagric2021 a48 p. a(Epagri. Documentos, 346). aO objetivo deste documento ?? apresentar, de forma sucinta, as principais informa????es conjunturais referentes ao desenvolvimento das safras, da produ????o e dos mercados para os produtos selecionados. Para isso, o Boletim Agropecu??rio cont??m informa????es referentes ?? ??ltima quinzena ou aos ??ltimos 30 dias. Em casos espor??dicos, a publica????o poder?? conter s??ries mais longas e an??lises de eventos espec??ficos. Al??m das informa????es por produto, eventualmente poder??o ser divulgados neste documento textos com an??lises conjunturais que se fa??am pertinentes e oportunas, chamando a aten????o para aspectos n??o especificamente voltados ao mercado aAn??lise de mercado aconjuntura asafras1 aELIAS, H. T.1 aALVES, J. R.1 aGUGEL, J. T.1 aMARCONDES, T.